[Event "Navarra-chT"]
[Site "Navarra"]
[Date "2016.11.05"]
[Round "5.7"]
[White "Martinez Bernardo, Aitor"]
[Black "Sevilla Subiza, Javier"]
[Result "1/2-1/2"]
[WhiteElo "1700"]
[BlackElo "2070"]
[PlyCount "107"]
[EventDate "2016.10.08"]
[EventType "team-tourn"]
[EventRounds "7"]
[EventCountry "ESP"]
[SourceTitle "CBM 175 Extra"]
[Source "ChessBase"]
[SourceDate "2016.12.12"]
[SourceVersion "1"]
[SourceVersionDate "2016.12.12"]
[SourceQuality "1"]
[WhiteTeam "Santa Ana Siglo 21"]
[BlackTeam "Orvina"]
[WhiteTeamCountry "ESP"]
[BlackTeamCountry "ESP"]

1. c4 g6 2. g3 Bg7 3. Bg2 d6 4. Nc3 e5 5. b3 f5 6. e3 Nf6 7. Nge2 0-0 8. Bb2 Nbd7 9. 0-0 g5 10. Nd5 Kh8 11. f4 gxf4 12. exf4 e4 13. Nxf6 Nxf6 14. d3 c6 15. dxe4 fxe4 16. Nc3 Re8 17. Qc2 d5 18. Rad1 Qb6+ 19. Kh1 Bg4 20. Rde1 Rad8 21. Na4 Qa5 22. Bc3 Qa6 23. Nc5 Qb6 24. Na4 Qa6 25. h3 Bc8 26. Qb2 Rf8 27. Nc5 Qb6 28. Na4 Qc7 29. Be5 Qf7 30. cxd5 cxd5 31. g4 Bd7 32. f5 h6 33. Rc1 Bxa4 34. bxa4 Rc8 35. Qd4 b6 36. Rfd1 Rxc1 37. Rxc1 Ne8 38. Rc6 Bxe5 39. Qxe5+ Kh7 40. Qf4 Nf6 41. Rc7 Nd7 42. Qd6 Rd8 43. Qe6 Kg8 44. Qxh6 Qf6 45. Qxf6 Nxf6 46. Rc6 Kf7 47. Bf1 e3 48. Re6 Ne4 49. Kg2 Rc8 50. Bd3 e2 51. Bxe2 Rc2 52. Kf1 Rc1+ 53. Kg2 Rc2 54. Kf1 1/2-1/2

[Event "Navarra-chT"]
[Site "Navarra"]
[Date "2016.10.15"]
[Round "2.6"]
[White "Iraneta Unzue, Iker"]
[Black "Sevilla Subiza, Javier"]
[Result "0-1"]
[WhiteElo "2047"]
[BlackElo "2070"]
[PlyCount "70"]
[EventDate "2016.10.08"]
[EventType "team-tourn"]
[EventRounds "7"]
[EventCountry "ESP"]
[SourceTitle "CBM 175 Extra"]
[Source "ChessBase"]
[SourceDate "2016.12.12"]
[SourceVersion "1"]
[SourceVersionDate "2016.12.12"]
[SourceQuality "1"]
[WhiteTeam "San Juan"]
[BlackTeam "Orvina"]
[WhiteTeamCountry "ESP"]
[BlackTeamCountry "ESP"]

1. e4 g6 2. d4 Bg7 3. Nc3 d6 4. Be2 a6 5. Nf3 Nd7 6. 0-0 c5 7. dxc5 Nxc5 8. Bc4 Be6 9. Bxe6 Nxe6 10. Be3 Nf6 11. Nd4 Nc5 12. Qf3 0-0 13. Rad1 Nfd7 14. Qe2 Rc8 15. f4 b5 16. Bc1 b4 17. Nd5 a5 18. f5 e6 19. Nf4 e5 20. Nd5 exd4 21. f6 Nxf6 22. Bg5 Ncxe4 23. Bxf6 Nxf6 24. Ne7+ Kh8 25. Nxc8 Qxc8 26. Rxd4 Qc5 27. Qf2 Nd7 28. Rd3 Be5 29. Qxc5 Nxc5 30. Rd5 Kg7 31. c3 bxc3 32. bxc3 Rb8 33. Re1 f6 34. Re2 Rb1+ 35. Kf2 Rc1 0-1

[Event "Pamplona Navarro-ch"]
[Site "Pamplona"]
[Date "2015.05.02"]
[Round "4"]
[White "Sevilla Subiza, Javier"]
[Black "Urriza Iricibar, Pablo"]
[Result "1-0"]
[WhiteElo "2006"]
[BlackElo "2213"]
[PlyCount "83"]
[EventDate "2015.04.11"]
[EventType "swiss"]
[EventRounds "8"]
[EventCountry "ESP"]
[SourceTitle "EXT 2016"]
[Source "ChessBase"]
[SourceDate "2015.10.08"]
[SourceVersion "1"]
[SourceVersionDate "2015.10.08"]
[SourceQuality "1"]

1. d4 c5 2. d5 Nf6 3. Nc3 d6 4. e4 g6 5. Bb5+ Nfd7 6. a4 Bg7 7. Nf3 0-0 8. 0-0 Na6 9. Nd2 Nc7 10. Be2 f5 11. exf5 Rxf5 12. Nc4 Rf8 13. Bg5 Rf5 14. Bh4 Bxc3 15. bxc3 Nxd5 16. Nxd6 Re5 17. Nxc8 Rxc8 18. Bg3 Rg5 19. h4 Ne3 20. fxe3 Rxg3 21. Qd5+ Kh8 22. Rad1 Rxe3 23. Bb5 Qb6 24. Qxd7 Ra8 25. Qd2 Re4 26. Qf2 a6 27. Bd3 Rxa4 28. c4 Qf6 29. Qxc5 Qxh4 30. Rf7 Kg8 31. Rxe7 Ra5 32. Qe3 Rh5 33. Qe6+ Kh8 34. Qf7 Qd4+ 35. Kf1 Rf5+ 36. Bxf5 Qxd1+ 37. Re1 Qd8 38. Bd3 Qh4 39. Re4 Qg5 40. Re7 Qh6 41. Qf6+ Kg8 42. c5 1-0

[Event "Navarra-ch"]
[Site "Pamplona"]
[Date "2014.04.05"]
[Round "2"]
[White "Ortin Blanco, Inigo"]
[Black "Sevilla Subiza, Javier"]
[Result "1/2-1/2"]
[WhiteElo "1661"]
[BlackElo "1966"]
[PlyCount "120"]
[EventDate "2014.03.29"]
[EventType "swiss"]
[EventRounds "8"]
[EventCountry "ESP"]
[SourceTitle "EXT 2016"]
[Source "ChessBase"]
[SourceDate "2015.10.08"]
[SourceVersion "1"]
[SourceVersionDate "2015.10.08"]
[SourceQuality "1"]

1. d4 g6 2. c4 Bg7 3. Nc3 Nf6 4. e4 d6 5. Nf3 0-0 6. Be2 e5 7. 0-0 exd4 8. Nxd4 Re8 9. f3 c6 10. Nb3 a5 11. Na4 Nh5 12. Be3 Nd7 13. Qc2 f5 14. c5 d5 15. Qd2 fxe4 16. fxe4 Qh4 17. Bg5 Qxe4 18. Bxh5 Qxa4 19. Rae1 Ne5 20. Rf4 Qxa2 21. Nc1 Qb1 22. Nd3 Qa2 23. Nc1 Qb1 24. Nd3 Qa2 25. Nc1 Qa1 26. Ne2 Qxe1+ 27. Qxe1 Nd3 28. Qd2 Nxf4 29. Nxf4 gxh5 30. Nxh5 Bf5 31. Nxg7 Kxg7 32. Qd4+ Kg8 33. Bh6 Re1+ 34. Kf2 Re7 35. Kg3 Rae8 36. Bd2 Bg6 37. Bc3 Re3+ 38. Kf2 Re2+ 39. Kf1 R2e7 40. h4 Rf8+ 41. Kg1 Rf5 42. Qh8+ Kf7 43. g4 Rf4 44. Be5 Rxg4+ 45. Kf2 Ke6 46. Qf6+ Kd7 47. Qd6+ Ke8 48. Bf6 Rge4 49. Bxe7 Rxe7 50. Qb8+ Kf7 51. Qf4+ Kg8 52. Qa4 Be4 53. Qxa5 Rf7+ 54. Ke3 Kg7 55. Qd8 h6 56. Kd4 Kh7 57. Qe8 Kg7 58. Qe5+ Kh7 59. Qe6 Kg7 60. Qe5+ Kh7 1/2-1/2

[Event "Euskadi-chT (Vasca) Div 1st"]
[Site "Bergara"]
[Date "2014.03.08"]
[Round "9.1"]
[White "Sevilla Subiza, Javier"]
[Black "Reinaldo Soto, Alvaro"]
[Result "1/2-1/2"]
[WhiteElo "1966"]
[BlackElo "1928"]
[PlyCount "46"]
[EventDate "2014.01.11"]
[EventType "team-tourn"]
[EventRounds "9"]
[EventCountry "ESP"]
[SourceTitle "EXT 2024"]
[Source "ChessBase"]
[SourceDate "2023.10.10"]
[SourceVersion "1"]
[SourceVersionDate "2023.10.10"]
[SourceQuality "1"]

1. d4 d5 2. c4 c6 3. Nf3 Nf6 4. Nc3 e6 5. Bg5 Be7 6. e3 Nbd7 7. Bd3 0-0 8. 0-0 h6 9. Bh4 c5 10. cxd5 Nxd5 11. Bxe7 Nxe7 12. Rc1 b6 13. Be4 Rb8 14. Qa4 a6 15. Rfd1 b5 16. Qc2 c4 17. Ne5 Nf6 18. d5 exd5 19. Nxd5 Nfxd5 20. Bxd5 Qc7 21. Ng6 Nxg6 22. Qxg6 Bb7 23. Qf5 Rbd8 1/2-1/2

[Event "Huarte Puente Foral op-B 4th"]
[Site "Huarte"]
[Date "2009.12.04"]
[Round "4"]
[White "Anguas Fanlo, Sergio"]
[Black "Sevilla Subiza, Javier"]
[Result "1-0"]
[WhiteElo "1994"]
[BlackElo "1859"]
[PlyCount "139"]
[EventDate "2009.12.01"]
[EventType "swiss"]
[EventRounds "8"]
[EventCountry "ESP"]
[SourceTitle "EXT 2016"]
[Source "ChessBase"]
[SourceDate "2015.10.08"]
[SourceVersion "1"]
[SourceVersionDate "2015.10.08"]
[SourceQuality "1"]

1. d4 Nf6 2. Nf3 c5 3. c3 e6 4. Bg5 h6 5. Bh4 b6 6. e3 Bb7 7. h3 Be7 8. Nbd2 d6 9. Bd3 Nbd7 10. 0-0 0-0 11. Bb1 Ba6 12. Re1 Nd5 13. Bxe7 Qxe7 14. Qc2 g6 15. e4 Nf4 16. e5 d5 17. Qa4 Bd3 18. dxc5 Ne2+ 19. Kh2 Nxc5 20. Qd1 Nf4 21. g3 Bxb1 22. Rxb1 Nh5 23. Qe2 Rac8 24. Qe3 Kh7 25. Nd4 a6 26. g4 Ng7 27. N4b3 f5 28. Nxc5 bxc5 29. f3 Qh4 30. Kg2 fxg4 31. hxg4 d4 32. cxd4 cxd4 33. Qf2 Qg5 34. Rbc1 Rxc1 35. Rxc1 Nf5 36. Rc7+ Kh8 37. Kh3 Ne3 38. Qh4 Qxh4+ 39. Kxh4 Ng2+ 40. Kg3 Nf4 41. Rc4 g5 42. Rc7 Ng6 43. Rd7 Rf4 44. Rd6 Kg7 45. Rxe6 Kf7 46. Rxa6 Nxe5 47. Rxh6 d3 48. Rd6 Ke7 49. Rd5 Ke6 50. Rd8 Ke7 51. Rg8 Kf6 52. Rf8+ Nf7 53. Kf2 Ke7 54. Ra8 Ne5 55. Ke3 Ke6 56. a3 Rf7 57. Ra6+ Kd5 58. Ra5+ Ke6 59. b4 Rc7 60. Rc5 Ra7 61. b5 Kd6 62. Ne4+ Ke6 63. Nxg5+ Kd6 64. Ne4+ Ke6 65. Rc3 Ra5 66. Rb3 Kd5 67. b6 Nd7 68. b7 Nb8 69. Kxd3 Kc6 70. g5 1-0

[Event "ESP-ch U16"]
[Site "Padron"]
[Date "2008.07.21"]
[Round "3"]
[White "Gomez Dominguez, Xabier"]
[Black "Sevilla Subiza, Javier"]
[Result "0-1"]
[WhiteElo "1977"]
[BlackElo "1830"]
[PlyCount "50"]
[EventDate "2008.07.20"]
[EventType "swiss"]
[EventRounds "9"]
[EventCountry "ESP"]
[SourceTitle "EXT 2010"]
[Source "ChessBase"]
[SourceDate "2010.11.25"]
[SourceVersion "1"]
[SourceVersionDate "2010.11.25"]
[SourceQuality "1"]

1. e4 e6 2. Nc3 d5 3. d4 dxe4 4. Nxe4 Qd5 5. Nc3 Bb4 6. Nf3 Nf6 7. Bd2 Bxc3 8. bxc3 c5 9. Bd3 Nc6 10. Be3 c4 11. Bf1 Ne4 12. Qe2 b5 13. Bd2 Ba6 14. a3 0-0 15. g3 Nxd2 16. Kxd2 e5 17. Qe3 exd4 18. cxd4 Nxd4 19. Qxd4 Qxf3 20. Be2 c3+ 21. Qxc3 Rad8+ 22. Bd3 b4 23. axb4 Bxd3 24. cxd3 Qxf2+ 25. Kd1 Rc8 0-1

[Event "ESP-chT U16"]
[Site "Aviles"]
[Date "2008.06.25"]
[Round "1.1"]
[White "Bendayan Claros, Aaron Arturo"]
[Black "Sevilla Subiza, Javier"]
[Result "1-0"]
[WhiteElo "2031"]
[BlackElo "1823"]
[PlyCount "93"]
[EventDate "2008.06.25"]
[EventType "team-swiss"]
[EventRounds "6"]
[EventCountry "ESP"]
[SourceTitle "EXT 2010"]
[Source "ChessBase"]
[SourceDate "2010.11.25"]
[SourceVersion "1"]
[SourceVersionDate "2010.11.25"]
[SourceQuality "1"]

1. d4 d5 2. Nf3 Nf6 3. c4 e6 4. Nc3 Be7 5. Bf4 0-0 6. e3 c6 7. Be2 Nbd7 8. 0-0 Nh5 9. Bg3 Nxg3 10. hxg3 f5 11. cxd5 exd5 12. Rb1 Nf6 13. b4 Be6 14. Qb3 Qd6 15. b5 Ne4 16. Rfc1 g5 17. bxc6 bxc6 18. Nxe4 dxe4 19. Bc4 Bd5 20. Ne5 Rab8 21. Qa4 Rxb1 22. Rxb1 Kh8 23. Qxa7 Qa3 24. Qxa3 Bxa3 25. Bxd5 cxd5 26. Rb5 f4 27. gxf4 gxf4 28. Rxd5 fxe3 29. fxe3 Bc1 30. Nc4 Ra8 31. a3 Ra4 32. Rc5 Bxa3 33. Nxa3 Rxa3 34. Kf2 Ra2+ 35. Kg3 Re2 36. Kf4 Rxg2 37. Kxe4 Kg7 38. Rh5 Kg6 39. Rh1 h5 40. d5 Rg4+ 41. Ke5 h4 42. d6 Kf7 43. Rf1+ Ke8 44. Rf6 Ra4 45. e4 h3 46. Rh6 Kd7 47. Rh7+ 1-0